Vzťah ekonómie a práva v procese transformácie
Interpretácia vzťahu ekonómie a práva prostredníctvom kategórie vlastníctva. Vlastníctvo ako všeobecne chápaná kategória. Vlastníctvo ako právna a ekonomická kategória. Vlastníctvo v transformačnom procese.
Uložené v:
| Hlavný autor: | |
|---|---|
| Médium: | Kapitola |
| Jazyk: | Slovak |
| Predmet: | |
| Tagy: |
Žiadne tagy, Buďte prvý, kto otaguje tento záznam!
|
MARC
| LEADER | 00000naa a2200000 4500 | ||
|---|---|---|---|
| 001 | r043933 | ||
| 005 | 20230929080958.2 | ||
| 041 | 0 | |a slo | |
| 044 | |a SK | ||
| 245 | 1 | 0 | |a Vzťah ekonómie a práva v procese transformácie |c Dušan Stanek |
| 520 | |a Interpretácia vzťahu ekonómie a práva prostredníctvom kategórie vlastníctva. Vlastníctvo ako všeobecne chápaná kategória. Vlastníctvo ako právna a ekonomická kategória. Vlastníctvo v transformačnom procese. | ||
| 610 | 2 | 0 | |a vlastníctvo |
| 610 | 2 | 0 | |a transformácia |
| 610 | 2 | 0 | |a teórie ekonomické |
| 610 | 2 | 0 | |a ekonómia |
| 610 | 2 | 0 | |a právo |
| 100 | 1 | |a Stanek, Dušan | |